A catechism of christian doctrine : (Record no. 124329)

MARC details
000 -LEADER
campo de control de longitud fija 00811nam a2200241 i 4500
001 - NÚMERO DE CONTROL
campo de control 124329
003 - IDENTIFICADOR DE NÚMERO DE CONTROL
campo de control ES-MaACL
005 - FECHA Y HORA DE LA ÚLTIMA TRANSACCIÓN
campo de control 20240418063118.0
007 - CAMPO FIJO DE DESCRIPCIÓN FÍSICA--INFORMACIÓN GENERAL
campo de control de longitud fija t|
008 - DATOS DE LONGITUD FIJA--INFORMACIÓN GENERAL
campo de control de longitud fija 070530s1954 xxk ||||1| eng d
040 ## - FUENTE DE CATALOGACIÓN
Centro/agencia transcriptor ES-MaACL
080 ## - NÚMERO DE LA CLASIFICACIÓN DECIMAL UNIVERSAL
Número de la Clasificación Decimal Universal 238.1
245 02 - MENCIÓN DEL TÍTULO
Título A catechism of christian doctrine :
Resto del título aproved by the archbishops and bishops of England and Wales, and directed to be used in all their dioceses.
250 ## - MENCION DE EDICION
Mención de edición Ed. rev.
260 ## - PUBLICACIÓN, DISTRIBUCIÓN, ETC.
Lugar de publicación, distribución, etc. London :
Nombre del editor, distribuidor, etc. Catholic Truth Society,
Fecha de publicación, distribución, etc. 1954.
300 ## - DESCRIPCIÓN FÍSICA
Extensión 72 páginas ;
Dimensiones 12 cm.
655 #7 - TERMINO DE INDIZACIÓN--GENERO/FORMA
9 (RLIN) 234608
Datos o término principal de género/forma Catecismos
710 2# - ENTRADA AGREGADA--NOMBRE DE ENTIDAD CORPORATIVA
Nombre de entidad corporativa o nombre de jurisdicción como elemento de entrada Catholic Truth Society.
9 (RLIN) 2531
852 ## - LOCALIZACIÓN
Ubicación ES-MaACL
Sublocalización o colección R. 142438
Ubicación en estantería Depósito folletos
Donativo/Legado Biblioteca Jacinto Martínez Lacalle
Número de control de estantería 2231-F-1
942 ## - ELEMENTOS DE ENTRADA SECUNDARIOS (KOHA)
Tipo de ítem Koha Folleto
Suprimir en OPAC No
Holdings
Estatus retirado Estado de pérdida Estado de daño No para préstamo Colección Biblioteca de origen Biblioteca actual Ubicación en estantería Fecha de adquisición Fuente de adquisición Total de préstamos Signatura topográfica completa Código de barras Visto por última vez Precio de reemplazo Tipo de ítem Koha
        Colección de folletos Biblioteca del Ateneo de Madrid Biblioteca del Ateneo de Madrid Depósito folletos 17/01/2008     2231-F-1 1129529 23/02/2023 23/02/2023 Folleto